000 00603nam a22002297a 4500
003 UA-OsUOA
001 95604
007 ta
008 20130305b un ||||| |||| 00| 0 ukr d
100 _aКашаускас Р.
090 _a821.172
_bК31
942 _cBK
040 _aUA-OsUOA
_brus
_cUA-OsUOA
_dUA-OsUOA
245 _aГлаза моей матери
_bповести
300 _a349 с.
955 _a3
041 _arus
080 _a821.172
260 _aМ.
_bИзвестия
_c1973
650 7 _a82 Література. Літературознавство
_2UDC
999 _c381851
_d381851